Deutsche Liedtexte volleneden - Statistiken

Allgemein
  • Dieses Quiz wurde 573 mal gespielt
  • Das Durchschnittsergebnis liegt bei 4 aus 5
Antwortstatistiken
Frage Antwort % Korrekt
Lass uns leben wie ein Feuerwerk
95%
Wär ich ein Möbelstück dann wär ich eine Lampe aus den ... 70ern
94%
Heute, Morgen, Übermorgen
82%
Und es eskaliert keiner weiß wieder wieso
53%
Ich freu mich so auf Morgen
33%
Keine übereinstimmenden Quizze gefunden
Verteilung der Resultate
Anzahl Personen mit jedem Resultat
Perzentil nach korrekt beantworteten Fragen
Ihre Resultats-Entwicklung
Sie haben dieses Quiz noch nicht gespielt